| 000 | 00817nac a22002411u 4500 | ||
|---|---|---|---|
| 010 | _a 87012165 | ||
| 020 | _a0442226802 (pbk.) | ||
| 082 | 0 | 0 |
_a635.9 _bFEU |
| 090 |
_c7168 _d7168 |
||
| 100 | _aFeucht, James R. | ||
| 245 | 1 | 0 |
_aLandscape management : _bplanting and maintenance of trees, shrubs and turfgrasses / _cJames R. Feucht, Jack D. Butler. |
| 260 |
_aNew York : _bVan Nostrand Reinhold,1988 _cc1988. |
||
| 300 |
_aviii, 179 p. : _bill. ; _c24 cm. |
||
| 500 | _adistributer: Al-Ahram | ||
| 504 | _aIncludes bibliographies and index. | ||
| 511 | _acatalogued by: wessam | ||
| 650 | 0 | _aArboriculture. | |
| 650 | 0 | _aTurf management. | |
| 650 | 0 | _aLandscape gardening. | |
| 650 | 0 | _aGrounds maintenance. | |
| 700 | 1 | _aButler, Jack D. | |
| 942 |
_cBB _k635.9FEU |
||
| 999 |
_c7168 _d7168 |
||